00758 a2200193 45000010006000000050017000060080041000230030015000640400040000790800065001192450053001840200022002372640038002593000019002975050186003160410008005021000027005107000027005376304520260407155925.0260407a1993 arg spa dAR-UNSa-BCEJYS aAR-UNSa-BCEJYSbspacAR-UNSa-BCEJYS a37.025xMétodos de desarrollo de la capacidad intelectual 10a¿Si estudiamos mejor?pPara aprender a aprender a978-950-534-199-3 1aBuenos Aires :bA-Z Editorac1993 a132 p.c24 cm. a1. De la compresión - 2. De cómo graficar lo comprendido - 3. Del uso del material de estudio - 4. De cómo expresar lo comprendido - 5. Notas de interés - 6. Correcciones -  aspa1 aPalacios, Ariana Nydia1 aMenéndez, Irene Nora